LIBRARY & INFORMATION CENTRE, KCAET, TAVANUR

ONLINE PUBLIC ACCESS CATALOGUE (OPAC)

Birth control: The right way and the wrong way / (Record no. 2633)

MARC details
000 -LEADER
fixed length control field 00436cam a2200169ua 4500
041 ## - LANGUAGE CODE
Language code of text/sound track or separate title eng
082 ## - DEWEY DECIMAL CLASSIFICATION NUMBER
Classification number 320.58
Item number GAN/BI
100 ## - MAIN ENTRY--AUTHOR NAME
Personal name Gandhi, M K .
245 ## - TITLE STATEMENT
Title Birth control: The right way and the wrong way /
260 ## - PUBLICATION, DISTRIBUTION, ETC. (IMPRINT)
Place of publication Ahmadabad :
Name of publisher Navajivan publishing house ,
Year of publication 1959.
300 ## - PHYSICAL DESCRIPTION
Number of Pages 58 ; .
942 ## - ADDED ENTRY ELEMENTS (KOHA)
Koha item type Books
Holdings
Withdrawn status Lost status Damaged status Home library Current library Date acquired Full call number Accession Number Koha item type
Withdrawn     KAUAET Kelappaji 07/04/2012 320.58 2301 Books
free website counter